Truth functions and the problem of their realization by two-terminal graphs /
Guardado en:
| Autor Principal: | |
|---|---|
| Formato: | Libro |
| Idioma: | English |
| Publicado: |
Budapest :
Akadémiai Kiadó,
1968.
|
| Etiquetas: |
Agregar Etiqueta
Sin Etiquetas, Sea el primero en etiquetar este registro!
|
| LEADER | 00611nam a22001695a 4500 | ||
|---|---|---|---|
| 001 | MAT.inmabb002327 | ||
| 008 | 700729s1968####hu#a#####b####001#0#eng#d | ||
| 005 | 20151116191156.0 | ||
| 245 | 1 | 0 | |a Truth functions and the problem of their realization by two-terminal graphs / |c by A. Ádám ; [revised by M. Makkai and F. Móricz]. |
| 260 | |a Budapest : |b Akadémiai Kiadó, |c 1968. | ||
| 300 | |a 206 p. : |b il. ; |c 25 cm. | ||
| 504 | |a Bibliografía: p. 199-201. | ||
| 510 | 4 | |a MR, |c 39 #3903 | |
| 100 | 1 | |a Ádám, András. | |
| 084 | |a 94Cxx (94C15 94C10) |2 msc2000 | ||
| 010 | |a 68006313 | ||
| 859 | |h 94 |i Ad193 |p A-8101 |b BIB. MATEMATICA | ||
